00350pab a2200109 454500008004000000100001600040245010400056260000900160300001500169650003000184773002600214180718b2017 xxu||||| |||| 00| 0 eng d aBua, Adrian aScale and policy impact in participatory-deliberative democracy: lessons from a multi-level process c2017 ap.160-177. aParticipatory development aPublic Administration